Online Catalogue and eLibrary

Thathuvam : (Record no. 3834)

MARC details
000 -LEADER
fixed length control field 00389nam a2200157Ia 4500
005 - DATE AND TIME OF LATEST TRANSACTION
control field 20240624060401.0
008 - FIXED-LENGTH DATA ELEMENTS--GENERAL INFORMATION
fixed length control field 240331s9999 xx 000 0 und d
020 ## - INTERNATIONAL STANDARD BOOK NUMBER
ISBN 8177200542
082 ## - DDC Classification
Item Number - Author Mark CRA
Class No. 894.811
100 ## - MAIN ENTRY--PERSONAL NAME
Personal name Craig, E
245 #0 - TITLE STATEMENT
Title Thathuvam :
Remainder of title mika churukkamanaarimugam
260 ## - PUBLICATION, DISTRIBUTION, ETC.
Place of publication, distribution, etc. Puthanantham
Name of publisher, distributor, etc. adaiyalayam
Date of publication, distribution, etc. 2005
300 ## - PHYSICAL DESCRIPTION
Extent (e.g. Volumes, Pages etc.) 188 p .,
650 ## - SUBJECT ADDED ENTRY--TOPICAL TERM
Topical term or geographic name entry element philosophy
942 ## - Koha item type (Biblio)
Koha item type Books in Stacks (Lending)
Holdings
Lost status Damaged status Collection code Home library Current library Shelving location Date acquired Full call number Accession Number Item type
    Lending WERC Library WERC Library Social Science Cupboard 03/31/2024 894.811 CRA 5514 Books in Stacks (Lending)

© WERC Library